Rôzne pohľady na pojem sociálnych inovácií v zahraničnej literatúre
Pojem sociálne inovácie. Tvorba sociálnej inovácie. Typy a fázy sociálnych inovácií. Sociálne inovácie v podniku, inovačné princípy. 6 fáz vzniku sociálnych inovácii v praxi. Znaky a funkcie sociálnych inovácií. Výskum zavádzania sociálnych inovácií v nemeckých spoločnostiach.
Salvato in:
| Autore principale: | |
|---|---|
| Natura: | Capitolo di libro |
| Lingua: | slovacco |
| Soggetti: | |
| Tags: |
Nessun Tag, puoi essere il primo ad aggiungerne!!
|
MARC
| LEADER | 00000nla a2200000 4500 | ||
|---|---|---|---|
| 001 | 0228677 | ||
| 005 | 20240523115235.5 | ||
| 041 | 0 | |a slo | |
| 044 | |a SK | ||
| 245 | 1 | 0 | |a Rôzne pohľady na pojem sociálnych inovácií v zahraničnej literatúre |c Lucia Jantošová |
| 520 | |a Pojem sociálne inovácie. Tvorba sociálnej inovácie. Typy a fázy sociálnych inovácií. Sociálne inovácie v podniku, inovačné princípy. 6 fáz vzniku sociálnych inovácii v praxi. Znaky a funkcie sociálnych inovácií. Výskum zavádzania sociálnych inovácií v nemeckých spoločnostiach. | ||
| 610 | 2 | 0 | |a inovácie sociálne |
| 610 | 2 | 0 | |a pojmy |
| 610 | 2 | 0 | |a podnik |
| 610 | 2 | 0 | |a literatúra |
| 610 | 2 | 0 | |a prieskum |
| 100 | 1 | |a Jantošová, Lucia | |